| 000 | 00789nam a2200241 a 4500 | ||
|---|---|---|---|
| 005 | 20240424063736.0 | ||
| 008 | 030918s1994 es r 000 0 spa d | ||
| 020 | _a8429737316 | ||
| 035 | _aUPN01000178209 | ||
| 049 | _aCG | ||
| 050 | 4 |
_aHM24 _bE4.7a |
|
| 100 | 1 |
_aElias, Norbert, _d1897-1990 |
|
| 245 | 1 | 0 |
_aTeoría del símbolo : _bun ensayo de antropología cultural / _cElias Norbert ; tr. de José Manuel Alvarez Flórez. |
| 260 |
_aBarcelona, Esp. : _bPenínsula, _c1994. |
||
| 300 | _a217 p. | ||
| 440 | 0 |
_aPenínsula. _pIdeas ; _v29 |
|
| 534 |
_pTraducción de: _tThe symbol theory |
||
| 650 | 2 |
_aSociología _xFilosofía _98941 |
|
| 650 | 4 |
_aSimbolismo _915951 |
|
| 650 | 4 | _aSIMBOLISMO EN LA COMUNICACION | |
| 650 | 7 |
_aSociología del conocimiento _2 _94897 |
|
| 905 | _aLibro | ||
| 999 |
_c150312 _d150312 |
||